[Event "Bermuda-B"]
[Site "Bermuda"]
[Date "2003.01.28"]
[Round "4"]
[White "Schmaltz, Roland"]
[Black "Nakamura, Hikaru"]
[Result "1/2-1/2"]
[WhiteElo "2529"]
[BlackElo "2520"]
[Annotator "Hecht,H"]
[PlyCount "176"]
[EventDate "2003.01.25"]
[EventType "tourn"]
[EventRounds "11"]
[EventCountry "BER"]
[EventCategory "10"]
[SourceTitle "CBM 094"]
[Source "ChessBase"]
[SourceDate "2003.05.26"]
[SourceVersion "1"]
[SourceVersionDate "2003.05.26"]
[SourceQuality "1"]

1. e4 c5 2. Nf3 d6 3. d4 cxd4 4. Nxd4 Nf6 5. Nc3 a6 6. f3 e5 7. Nb3 Be6 8. Be3
h5 9. Qd2 Nbd7 10. a4 Rc8 11. Be2 Be7 12. O-O Nb6 13. a5 Nc4 14. Bxc4 Bxc4 15.
Rfd1 Rc6 16. Nc1 d5 17. exd5 Rd6 18. Nd3 Nxd5 19. Ne4 Re6 20. Ndc5 Rc6 21. Bf2
f5 22. Ra4 fxe4 23. Rxc4 e3 24. Qxd5 exf2+ 25. Kxf2 Rd6 26. Qe4 Rd2+ 27. Rxd2
Qxd2+ 28. Qe2 Qxa5 29. Qxe5 Qd2+ 30. Qe2 Qxe2+ 31. Kxe2 Rh6 32. Nd3 Bd6 33. f4
Kd7 34. Kf3 Rf6 35. Nc5+ Bxc5 36. Rxc5 {Turm mit Mehrbauer} g6 37. Ke4 Rb6 38.
b3 Re6+ 39. Re5 Rc6 40. c4 Rb6 41. Rd5+ Ke7 42. Rd3 Re6+ 43. Kf3 Rc6 44. g4
hxg4+ 45. Kxg4 Kf6 46. h4 a5 47. Rd5 a4 48. bxa4 Rxc4 49. a5 Rc7 50. Rb5 Rd7
51. h5 gxh5+ 52. Rxh5 {Ein weißer Freibauer bei 1-1 am anderen Flügel.
Optimale Verteidigungsstellung mit dem König vor dem weißen Freibauern.} Rg7+
53. Rg5 Rc7 54. Rf5+ Ke6 55. Rb5 Rg7+ 56. Rg5 Rc7 57. Rg6+ Kf7 58. Rb6 Kg7 59.
f5 Kf8 60. Rb5 Kg8 61. Kg5 Kg7 62. Rb6 Rd7 63. Rg6+ Kf8 64. Rf6+ Kg8 65. Re6
Kf7 66. Re5 Rd1 67. Rb5 Rd7 68. Kf4 {Weiß sieht kein Vorwärtskommen am
"Gewinnflügel" und verlagert seine Aktivitäten zum Damenflügel. Er hofft dabei
die Absenz des schwarzen Königs ausnutzen zu können.} ({Logisch sieht} 68. f6
$1 Rc7 69. Kf5 Rd7 70. Ke5 Ke8 71. Ke6 Rc7 72. Rb6 $1 {[%cal Ra5a6]} Re7+ 73.
Kf5 Rc7 74. Kg6 $18 {aus}) 68... Re7 69. Re5 Rc7 70. Ke4 Rc4+ 71. Kd5 Rb4 (
71... Rc6 72. Re6 Rc2 73. Rb6 Rc7 74. f6 Kg6 75. Kd6 Rf7 76. Ke6 Rc7 77. Rb5
Rh7 78. Rf5 $18) 72. Kc5 Rb1 73. Re4 Ra1 74. Kb5 Kf6 75. Ra4 Rd1 76. Rb4 Kxf5
77. Kb6 Rd7 78. Rc4 Ke5 79. Rc7 Rd1 {[#] Tatsächlich ist alles gut gegangen
und der Bb7 könnte rechtzeitig genommen werden, ehe der schwarze König
wirkungsvoll eingreifen kann.} 80. Rc5+ $2 {Der erste Fehler mit großer
Auswirkung. Der schwarze König kommt zurück - Remis!} (80. Kxb7 $1 Rb1+ 81. Kc8
Ra1 82. Rh7 $1 Kd6 (82... Rc1+ 83. Kb8 Ra1 84. Rh6 $18) (82... Kd5 83. Rh6 $1 {
wie gehabt}) 83. a6 $18) 80... Kd6 81. Rb5 Rh1 82. Kxb7 Rh7+ 83. Kb6 Rh8 $8 {
[%cal Rh8b8]} 84. Rg5 Rb8+ 85. Ka7 Rb1 86. a6 Kd7 87. Rg7+ Kc8 88. Rb7 Rc1
1/2-1/2

[Event "RUS-chT 05th"]
[Site "Maikop"]
[Date "1998.06.05"]
[Round "3"]
[White "Vorobiov, Evgeny E"]
[Black "Pigusov, Evgeny"]
[Result "1-0"]
[WhiteElo "2475"]
[BlackElo "2575"]
[Annotator "Hecht,H"]
[PlyCount "113"]
[EventDate "1998.06.03"]
[EventType "team-tourn"]
[EventRounds "11"]
[EventCountry "RUS"]
[SourceTitle "CBM 066"]
[Source "ChessBase"]
[SourceDate "1998.09.30"]
[SourceVersion "1"]
[SourceVersionDate "1998.09.30"]
[SourceQuality "1"]
[WhiteTeam "Moscow Apiko-Yakimanka"]
[BlackTeam "Noyabrsk Yamal"]
[WhiteTeamCountry "RUS"]
[BlackTeamCountry "RUS"]

1. e4 c5 2. Nf3 d6 3. d4 cxd4 4. Nxd4 Nf6 5. Nc3 a6 6. f3 e5 7. Nb3 Be6 8. Be3
Nbd7 9. Qd2 Be7 10. g4 h6 11. h4 b5 12. O-O-O Nb6 13. Qf2 Nfd7 14. Kb1 Qc7 15.
Nd5 Bxd5 16. exd5 Nc4 17. f4 Nf6 18. Rg1 Rc8 19. Bxc4 bxc4 20. Nc1 Rb8 21. Ne2
Nxd5 22. Ba7 Rb5 23. a4 Rb7 24. Rxd5 Rxa7 25. Nc3 Rb7 26. fxe5 dxe5 27. Kc1 O-O
28. g5 h5 29. Ne4 Qb6 30. Qxb6 Rxb6 31. Rd7 Re6 32. Rc7 Rd8 33. Rxc4 Rd4 34.
Rxd4 exd4 35. Nf6+ Bxf6 36. gxf6 Rxf6 {[#] Schwarz schluckt den Bh4, kommt
dann aber mit dem Turm nicht rechtzeitig zurück (Regel vom Quadrat). Das
Finale bildet das Duell Turm gegen Freibauern.} 37. Kd2 Rf4 38. b4 Rxh4 39. b5
axb5 40. axb5 Re4 41. Re1 Rf4 42. b6 d3 43. b7 Rb4 44. Re8+ Kh7 45. b8=Q Rxb8
46. Rxb8 dxc2 47. Kxc2 Kg6 48. Kd3 Kf5 49. Rb5+ Kg4 50. Rb7 h4 51. Ke2 g5 52.
Rxf7 Kg3 53. Kf1 Kh2 54. Rf2+ (54. Rg7 h3 55. Rxg5 Kh1 56. Kf2 h2 57. Kg3 Kg1
58. Kh3+ Kh1 59. Ra5 Kg1 60. Ra1+ $18) 54... Kh1 55. Rg2 h3 56. Rg1+ Kh2 57.
Kf2 1-0

[Event "FRA-ch Pool B"]
[Site "Vichy"]
[Date "2000.08.23"]
[Round "6"]
[White "Apicella, Manuel"]
[Black "Fressinet, Laurent"]
[Result "1-0"]
[WhiteElo "2506"]
[BlackElo "2536"]
[Annotator "Hecht,H"]
[PlyCount "85"]
[EventDate "2000.08.15"]
[EventType "tourn"]
[EventRounds "7"]
[EventCountry "FRA"]
[EventCategory "11"]
[SourceTitle "CBM 079"]
[Source "ChessBase"]
[SourceDate "2000.11.21"]
[SourceVersion "1"]
[SourceVersionDate "2000.11.21"]
[SourceQuality "1"]

1. e4 c5 2. Nf3 d6 3. d4 cxd4 4. Nxd4 Nf6 5. Nc3 a6 6. f3 e5 7. Nb3 Be6 8. Be3
Nbd7 9. Qd2 b5 10. g4 Nb6 11. g5 Nfd7 12. Nd5 Rc8 13. h4 Bxd5 14. exd5 Be7 15.
Na5 Nxd5 16. Nb7 Nxe3 17. Nxd8 Nxc2+ 18. Kd1 Nxa1 19. Nb7 O-O 20. Bh3 Rc2 21.
Bxd7 Rxd2+ 22. Kxd2 f6 23. Be6+ Kh8 24. g6 hxg6 25. h5 g5 26. Rxa1 f5 27. Ke2
Rf6 28. Bd5 Kh7 29. Rc1 Kh6 30. Rc7 Bf8 31. Nd8 Kxh5 32. Bf7+ Kh4 33. Ne6 g4
34. Nxf8 Kg3 35. fxg4 fxg4 36. Ne6 Rf2+ 37. Ke3 d5 38. Ng5 Rf5 {[#] Übergang
in ein Endspiel mit nur einer Mehrfigur aber schlecht stehenden schwarzen
Figuren und zerschlagener Bauernstruktur.} 39. Bxd5 Rxg5 40. Be4 {Beginn der
Einkreisung des schwarzen Turms.} Kh3 41. Rc1 g3 42. Rh1+ Kg4 {[%csl Gf3,Gf4,
Gf5,Gg2,Gg6,Gh3,Gh4,Gh5] Weiß kontrolliert nun alle Felder rund um die
schwarzen Figuren.} 43. b4 (43. b4 g6 44. a3 $22) 1-0

[Event "ROM-ch"]
[Site "Iasi"]
[Date "1999.12.13"]
[Round "1"]
[White "Nevednichy, Vladislav"]
[Black "Ardeleanu, Alin"]
[Result "1-0"]
[WhiteElo "2537"]
[BlackElo "2409"]
[Annotator "Hecht,H"]
[PlyCount "127"]
[EventDate "1999.12.13"]
[EventType "tourn"]
[EventRounds "15"]
[EventCountry "ROU"]
[EventCategory "9"]
[SourceTitle "CBM 075"]
[Source "ChessBase"]
[SourceDate "2000.04.05"]
[SourceVersion "1"]
[SourceVersionDate "2000.04.05"]
[SourceQuality "1"]

1. e4 c5 2. Nf3 d6 3. d4 cxd4 4. Nxd4 Nf6 5. Nc3 a6 6. Be3 Ng4 7. Bg5 h6 8. Bh4
g5 9. Bg3 Bg7 10. Be2 Ne5 11. Nd5 Nbc6 12. Nf5 Bxf5 13. exf5 Nd7 14. c3 Nf6 15.
Bf3 Rb8 16. O-O Ne5 17. Bxe5 dxe5 18. Qa4+ Kf8 19. Rfd1 Nxd5 20. Rxd5 Qb6 21.
Qb3 Qxb3 22. axb3 Bf6 23. Rd7 b6 24. Rxa6 Kg7 25. Kf1 h5 26. Ke2 g4 27. Be4 Bg5
28. b4 Rhd8 29. Raa7 Rxd7 30. Rxd7 {[#] Schwieriges Lavierendspiel.
Langfristig sollte die Damenflügelmehrheit gewinnen.} Kf6 31. Kd3 h4 32. h3
gxh3 33. gxh3 e6 34. f3 exf5 35. Bd5 Bc1 36. Rxf7+ Kg6 37. Rd7 Kg5 (37... Bxb2
38. Kc2 Ba3 39. Ra7 $18) 38. Kc2 Be3 39. Rf7 Kf4 40. Be4 Kg3 41. Bxf5 Kxf3 42.
Bg4+ Kg2 43. Re7 Bf4 44. b5 Rg8 45. Kd3 Rd8+ (45... Rxg4 46. hxg4 h3 47. Ke4 h2
48. Rh7 $18) 46. Bd7 Kf3 47. Kc4 Ke4 48. Rf7 Bg3 49. Bc6+ Ke3 50. Rb7 Rd6 51.
Rxb6 e4 52. Ra6 Re6 53. Bd5 Re5 54. b6 Kf2 55. b7 Re7 56. Rf6+ Kg2 57. Rg6 Re8
58. Bc6 Rd8 59. Bxe4+ Kxh3 60. Bf5+ Kh2 61. Rxg3 hxg3 62. Bc8 g2 63. b8=Q+ Kh1
64. Qc7 1-0

[Event "Ciocaltea Memorial"]
[Site "Bucharest"]
[Date "1998.??.??"]
[Round "12"]
[White "Nevednichy, Vladislav"]
[Black "Kiselev, Sergey"]
[Result "1/2-1/2"]
[WhiteElo "2550"]
[BlackElo "2510"]
[Annotator "Hecht,H"]
[PlyCount "80"]
[EventDate "1998.02.??"]
[EventType "tourn"]
[EventRounds "13"]
[EventCountry "ROU"]
[EventCategory "11"]
[SourceTitle "CBM 064"]
[Source "ChessBase"]
[SourceDate "1998.06.02"]
[SourceVersion "1"]
[SourceVersionDate "1998.06.02"]
[SourceQuality "1"]

1. e4 c5 2. Nf3 d6 3. d4 cxd4 4. Nxd4 Nf6 5. Nc3 a6 6. Be3 Ng4 7. Bg5 h6 8. Bh4
g5 9. Bg3 Bg7 10. Qd2 Nc6 11. Nb3 Be6 12. f3 Nge5 13. Bf2 b5 14. Nd5 Rb8 15. h4
g4 16. f4 g3 17. Bg1 Nc4 18. Bxc4 bxc4 19. Nd4 Bxd5 20. exd5 Nxd4 21. Bxd4 Bxd4
22. Qxd4 Qa5+ 23. Ke2 Kd7 24. Kf3 Rhg8 25. Rhe1 Rxb2 $1 26. Rab1 (26. Qxb2
Qxd5+ 27. Ke3 Rg6 $1 28. f5 Rg4 $13) 26... Rxb1 27. Rxb1 Rc8 28. Rb7+ Rc7 29.
Rxc7+ Qxc7 {The course of this endgame shows again that the possession of a
single passed pawn whose advance can be supported by a queen will often
suffice to draw against a horde of enemy pawns. Here as well White has to
content himself with perpetual check. [#] Der Verlauf dieses Endspiels zeigt
einmal mehr, daß der Besitz eines einzigen Freibauern, der von der Dame
unterstützt vorgehen kann, auch gegen eine ganze gegnerische Bauernhorde
oftmals zum Remis reicht. Auch hier muß sich Weiß mit Dauerschach bescheiden.}
30. Qe4 Qa5 {[%csl Ra2]} 31. Kxg3 Qxa2 32. Kg4 Qa1 {[%cal Ra6a5,Ra5a4,Ra4a3,
Ra3a2]} 33. Kh5 a5 34. g4 a4 35. Qf5+ Kd8 36. Qxf7 a3 37. Qf8+ Kd7 38. Qa8 Qb2
39. Qc6+ Kd8 40. Qa8+ Kd7 1/2-1/2

[Event "Ghent op 20th"]
[Site "Ghent"]
[Date "1997.??.??"]
[Round "?"]
[White "Horvath, Tamas"]
[Black "Zsinka, Laszlo"]
[Result "1-0"]
[WhiteElo "2395"]
[BlackElo "2360"]
[Annotator "Horvath,Ta"]
[PlyCount "53"]
[EventDate "1997.??.??"]
[EventType "swiss"]
[EventRounds "9"]
[EventCountry "BEL"]
[SourceTitle "CBM 063"]
[Source "ChessBase"]
[SourceDate "1998.03.26"]
[SourceVersion "1"]
[SourceVersionDate "1998.03.26"]
[SourceQuality "1"]

1. e4 c5 2. Nf3 d6 3. d4 cxd4 4. Nxd4 Nf6 5. Nc3 a6 6. Be3 Ng4 7. Bg5 h6 8. Bc1
$1 $146 Nf6 (8... e5 9. Nf5 Nf6 10. Bc4 b5 11. Bb3 b4 12. Nd5 Nxe4 13. Ba4+ Bd7
14. Bxd7+ Nxd7 15. Qf3 Ndf6 16. Nxf6+ Nxf6 17. Qc6+ Nd7 18. O-O Ra7 19. Be3 Qc7
20. Qf3 Rb7 21. Rfd1 Rb8 22. Rd2 g6 23. Nxd6+ Bxd6 24. Rad1 O-O 25. Rxd6 Rfd8
26. Qd5 Rb7 27. Rxg6+ Kf8 28. Bxh6+ Ke7 29. Bg5+ {1-0 Horvath,T-Beck,H/
AUT-chT2S 1995/EXT 97}) 9. Bc4 $1 {Schwarz hat ein Tempo mehr - h6 - das ist
aber Nachteil!} e6 10. Bb3 b5 11. f4 Bb7 12. e5 dxe5 13. fxe5 Ne4 (13... Nfd7)
(13... Bc5 14. Be3 Nfd7) 14. Nxe4 Bxe4 15. Be3 $1 Bxg2 16. Qg4 $3 Bxh1 17.
O-O-O Bd5 18. Nxe6 fxe6 19. Bxd5 exd5 20. Qg6+ Ke7 21. Bc5+ Kd7 22. Rxd5+ Kc8
23. Rxd8+ Kxd8 24. Bb6+ Kd7 25. Qe4 Nc6 26. Qd5+ Ke7 27. Bc5+ 1-0

[Event "Khanty-Mansiysk FIDE GP"]
[Site "Khanty-Mansiysk"]
[Date "2015.05.24"]
[Round "9"]
[White "Jakovenko, Dmitrij"]
[Black "Gelfand, Boris"]
[Result "1/2-1/2"]
[WhiteElo "2738"]
[BlackElo "2744"]
[Annotator "Illingworth,M"]
[PlyCount "105"]
[EventDate "2015.05.14"]
[EventType "tourn"]
[EventRounds "11"]
[EventCountry "RUS"]
[EventCategory "21"]
[SourceTitle "CBM 167"]
[Source "ChessBase"]
[SourceDate "2015.07.13"]
[SourceVersion "1"]
[SourceVersionDate "2015.07.13"]
[SourceQuality "1"]

1. e4 {[%emt 0:00:02]} c5 {[%emt 0:00:04]} 2. Nf3 {[%emt 0:00:03]} d6 {[%emt 0:
00:05]} 3. d4 {[%emt 0:00:04]} cxd4 {[%emt 0:00:03]} 4. Nxd4 {[%emt 0:00:03]}
Nf6 {[%emt 0:00:05]} 5. Nc3 {[%emt 0:00:03]} a6 {[%emt 0:00:03]} 6. h3 {
[%emt 0:00:04]} e5 {[%emt 0:01:29]} 7. Nde2 {[%emt 0:01:24]} h5 {[%emt 0:00:15]
} 8. g3 {[%emt 0:00:04]} b5 {[%emt 0:00:33] This is a Gelfand specialty,
intending a queenside fianchetto.} (8... Be7 {can be found with analysis in
0-1 (66) Edouard,R (2680)-Nepomniachtchi,I (2714) Tromso 2014 CBM 162 [Edouard,
R]}) 9. Nd5 {[%emt 0:01:13]} (9. Bg5 Nbd7 10. Nd5 {comes to the same thing.})
9... Nbd7 {[%emt 0:01:55]} 10. Bg5 {[%emt 0:00:28]} (10. Nec3 Bb7 (10... Rb8
11. Bg5 b4 12. Bxf6 gxf6 13. Nb1 {is a great version of the Sveshnikov for
White, e.g.} f5 14. exf5 Nf6 15. Bc4 Nxd5 16. Bxd5 Bxf5 17. Nd2 $14) 11. Bg2
Be7 12. a4 Nxd5 13. Nxd5 h4 $1 (13... Bxd5 14. Qxd5 b4 15. Bd2 a5 16. h4 O-O
17. c3 $14 {gives White nice play with the bishop pair and a better structure.}
) 14. axb5 axb5 15. Rxa8 Bxa8 16. O-O Bxd5 17. Qxd5 hxg3 18. fxg3 Qb6+ 19. Kh1
Nf6 20. Qb3 Qc6 21. Bg5 O-O $11 {1/2-1/2 (27) Shankland,S (2661)-Gelfand,B 
(2747) Tsaghkadzor 2015, and Black successfully nullified White's pressure.})
10... Bb7 {[%emt 0:01:56]} 11. Nec3 {[%emt 0:03:56]} Rc8 {[%emt 0:02:17]} 12.
Bg2 {[%emt 0:03:05]} Be7 {[%emt 0:02:12]} 13. Nxe7 {[%emt 0:00:27]} Qxe7 {
[%emt 0:00:43]} 14. O-O {[%emt 0:14:11]} (14. h4 {1-0 (60) Karjakin,S (2759)
-Gelfand,B (2777) Wijk aan Zee 2014 CBM 159 [Karjakin,S]}) ({The prophylactic} 
14. a3 $5 {deserves further testing:} Qe6 15. Qe2 {(...Rxc3 was threatened)}
O-O 16. h4 Rc4 (16... d5 17. Bh3 Ng4 18. exd5 Bxd5 19. Nxd5 Qxd5 20. f3 $14)
17. Rd1 Nc5 18. Bxf6 (18. f3 $5 Qe7 19. O-O Ne6 20. Be3 $14) 18... Qxf6 19. O-O
Qg6 $11 {gave Black enough counterplay in 1/2-1/2 (32) Sethuraman,S (2623)-Wei,
Y (2706) Hyderabad 2015}) 14... Qe6 {[%emt 0:03:18]} 15. Re1 {[%emt 0:12:26]}
b4 {[%emt 0:01:56]} 16. Nd5 {[%emt 0:00:06]} (16. Na4 {1/2-1/2 (51) Leko,P 
(2737)-Mamedyarov,S (2761) Beijing 2013} O-O 17. c3 Rc4 $5 18. f3 d5 $1 19. b3
Rxc3 20. Nxc3 bxc3 21. exd5 Nxd5 $44 {gives Black wonderful compensation for
the exchange.}) 16... Bxd5 {[%emt 0:01:17]} (16... Nxd5 {is quite interesting
too:} 17. exd5 Qg6 18. Bd2 (18. h4 Qxc2 19. Qd4 Nc5 20. Rxe5+ dxe5 21. Qxe5+
Kf8 22. Qe7+ Kg8 23. Rc1 Qf5 24. Rxc5 Rxc5 25. Qxc5 Kh7 $11 {is at the minimum
not worse for Black.}) 18... h4 19. g4 $5 (19. Re3 a5 20. c3 bxc3 21. Bxc3 O-O
22. gxh4 Nf6 $1 23. Bxa5 Rc2 $44 {gives Black enough counterplay and weak
kingside squares for his pawns.} (23... Nh5 $5)) 19... O-O (19... Qxc2 20. Bxb4
Qxd1 21. Raxd1 $14) 20. Bxb4 f5 21. c3 e4 ({Not} 21... Nc5 $6 22. Re3 e4 23. c4
Nd3 $6 24. Rxd3 exd3 25. Qxd3 $16 {and Black is getting steamrollered.}) 22. f4
a5 $1 23. Bxa5 Nf6 $13 {and the position is very unclear.}) 17. exd5 {[%emt 0:
00:06]} Qf5 {[%emt 0:00:02]} 18. Bd2 {[%emt 0:01:12] White must accept the
challenge.} (18. Bxf6 Nxf6 19. Rc1 O-O $15 {with a good knight against a bad
bishop is Black's dream.}) 18... Rxc2 {[%emt 0:02:40]} (18... a5 19. c3 $1 (19.
a3 bxa3 20. Rxa3 Qxc2 21. Qxc2 Rxc2 22. Rxa5 O-O 23. Bb4 Rb8 24. Bxd6 Rbxb2 25.
Ra8+ Kh7 26. Rf1 $14 {favours White slightly because of the bishop pair.})
19... bxc3 20. Bxc3 $36 {is unpleasant for Black.} O-O 21. Bxa5) 19. Rc1 {
[%emt 0:00:03]} Rxc1 {[%emt 0:00:18]} 20. Qxc1 {[%emt 0:00:04]} Nc5 {[%emt 0:
00:17] Both sides continue to play the best moves.} 21. Bxb4 {[%emt 0:01:38]}
Nd3 {[%emt 0:01:39]} 22. Qc6+ {[%emt 0:29:29]} (22. Qc2 g6 23. Re2 Nxb4 24.
Qa4+ Qd7 25. Qxb4 Qb5 26. Qxb5+ axb5 $11 {is an equal endgame.}) 22... Qd7 {
[%emt 0:00:21]} 23. Qa8+ {[%emt 0:01:54]} Qd8 {[%emt 0:00:08]} 24. Qc6+ {
[%emt 0:06:48]} Nd7 $4 {[%emt 0:30:26] Trying to play for a win (both sides
needed a win for realistic chances of qualifying for the 2016 Candidates
tournament), but it's a blunder.} (24... Qd7 {with a draw by repetition was
called for.}) 25. Re4 $1 $18 {[%emt 0:02:59] Now Black's position is just
hopeless, but he continues fighting...} f5 {[%emt 0:11:56]} ({Or} 25... Nxb4
26. Rxb4 O-O 27. Qxd6 $18) 26. Rc4 {[%emt 0:03:39]} e4 {[%emt 0:03:32]} 27.
Qxa6 {[%emt 0:11:01]} (27. Bxd6 Rh6 28. Qxa6 {was equally strong.}) 27... Nxb4
{[%emt 0:02:07]} ({Also winning for White is} 27... Kf7 28. Qxd6 Rh6 29. Qc7
Qxc7 30. Rxc7 Nxb4 31. Rxd7+ Kf6 32. a3 Nd3 33. b4 $18) 28. Qxd6 {[%emt 0:05:
41]} Nd3 {[%emt 0:00:49]} 29. Qe6+ {[%emt 0:00:07]} Kf8 {[%emt 0:00:03]} 30.
Qxf5+ {[%emt 0:00:04]} Kg8 {[%emt 0:00:12]} 31. Qe6+ {[%emt 0:00:04]} (31. Rxe4
{intending} Rh6 32. Re6 $1 $18 {would also do the trick - White is material up
and the Black king is weak.}) 31... Kf8 {[%emt 0:00:03]} 32. Qd6+ {[%emt 0:00:
50]} Kg8 {[%emt 0:02:35]} 33. Qe6+ {[%emt 0:00:40]} Kf8 {[%emt 0:00:05]} 34.
Qxe4 {[%emt 0:02:02]} N3e5 {[%emt 0:01:40]} 35. Qf5+ {[%emt 0:00:15]} Kg8 {
[%emt 0:02:01]} 36. d6 {[%emt 0:05:51] It's all bad news once the
light-squared bishop can enter the attack.} Rh6 {[%emt 0:09:56]} (36... g6 37.
Qe6+ Kg7 38. Rc7 $18 {is no better.}) 37. Re4 $2 {[%emt 0:05:38] This reduces
White's advantage somewhat.} (37. Bd5+ Kh8 38. Ra4 $1 {intending Ra8 just wins
on the spot; if} Nb6 39. Re4 $1 Nxd5 40. Rxe5 Nf6 (40... Rxd6 $2 41. Qxh5+ Kg8
42. Re8+) 41. Qd3 $18 {and the passed d-pawn along with White's other pawns
will be deadly.}) 37... h4 $2 {[%emt 0:08:49]} (37... Rxd6 $1 38. Qxh5 Nf7 $16
{was Black's best chance, when White is still clearly our choice but it's no
longer so simple.}) 38. Rxh4 {[%emt 0:00:44]} Rxh4 {[%emt 0:01:02]} 39. gxh4 {
[%emt 0:00:04]} (39. Bd5+ $5) 39... Qxh4 {[%emt 0:00:42]} 40. Bd5+ {[%emt 0:00:
00]} Kh8 {[%emt 0:00:00]} 41. Kh1 {[%emt 0:15:52] This is still a comfortable
win for White with best play.} Qh6 $5 {[%emt 0:14:28] The best practical try} (
41... g6 42. Qe6 Kg7 43. Qg8+ Kh6 44. Qh8+ Kg5 45. Qxh4+ Kxh4 46. a4 {is easy
for White to win.}) 42. f4 {[%emt 0:02:12]} g6 {[%emt 0:01:51]} 43. Qe6 {
[%emt 0:00:05]} Qf8 $5 {[%emt 0:00:11] Continuing to refuse to quit.} 44. Bb3
$2 {[%emt 0:23:03] A practical move, but it was better to play} (44. h4 $1 {
with the point that} Qc8 45. fxe5 Qc1+ 46. Kh2 Qf4+ 47. Kg2 Qd2+ 48. Kf3 Qd1+
49. Kg3 Qe1+ 50. Kh2 Qd2+ 51. Bg2 Qf4+ 52. Kg1 Qe3+ 53. Kf1 Qd3+ 54. Kf2 Qd4+
55. Kg3 {finally escapes the checks:} Qe3+ 56. Bf3 Qe1+ 57. Kg2 Qd2+ 58. Kh3
$18) 44... g5 $1 {[%emt 0:24:28] Gelfand takes his chance and suddenly it's
not clearly winning for White anymore.} 45. f5 {[%emt 0:02:20]} Nd3 $2 {
[%emt 0:00:49] This should just lose, but it sets up a crafty stalemate trap
that White falls for!} (45... Kg7 $142 {was the best move, when} 46. Qe7+ (46.
Kh2 $5 Qc8 47. Qe7+ Kh6 48. f6 Qh8 49. Kg1 Qxf6 50. Bc2 $14 {is probably the
best winning try, practically speaking.}) 46... Qxe7 47. dxe7 Nf6 48. Bd5 Ne8
49. a4 Kf6 50. a5 Nc7 51. a6 $1 Kxe7 52. a7 Nd3 53. b3 Kf6 54. a8=Q Nxa8 55.
Bxa8 Kxf5 {is just a draw because of the wrong rook's pawn.}) 46. Qxd7 {
[%emt 0:07:43]} Qa8+ {[%emt 0:01:16]} 47. Kg1 {[%emt 0:01:34]} Nf4 {[%emt 0:02:
12]} 48. Kf2 {[%emt 0:00:26]} g4 $1 {[%emt 0:15:48] This is the idea, offering
the last pawn in the hope White takes.} (48... Qg2+ 49. Ke3 Qe2+ ({or else} 
49... Qg1+ 50. Ke4 Qg2+ 51. Kd4 Qf2+ 52. Kc4) 50. Kd4 Qxb2+ 51. Kc5 Nd3+ 52.
Kb6 Qd4+ 53. Kc7 Qa7+ 54. Kd8 Qa8+ 55. Qc8 {ultimately escapes the checks.})
49. hxg4 $2 {[%emt 0:05:37] No doubt White saw Black's king was without a
square, but just missed the forthcoming trick.} (49. Ke3 Qf3+ 50. Kd4 {
resembles the note to 48...Qxg2, while}) (49. Kg3 Qf3+ 50. Kh4 Qf2+ 51. Kg5
Nxh3+ 52. Kg6 Nf4+ 53. Kf7 $18 {brings the king to safety, after which it's
all over.}) 49... Qg2+ {[%emt 0:01:47]} 50. Ke3 {[%emt 0:00:02]} Nd5+ $1 {
[%emt 0:00:48] By offering the knight, Black is able to draw.} 51. Kd4 {
[%emt 0:00:11]} (51. Bxd5 Qd2+ 52. Ke4 Qe3+ 53. Kxe3 {is clear enough.}) (51.
Kd3 Qg3+ 52. Kc2 Qf2+ {is a perpetual check.}) 51... Qf2+ $1 {[%emt 0:01:11]
Either White has to take the knight, or he must allow perpetual check.} 52.
Kxd5 {[%emt 0:00:26]} Qd4+ {[%emt 0:00:24]} 53. Kxd4 {[%emt 0:00:11] Stalemate
it is.} ({or} 53. Ke6 Qe5+ 54. Kf7 Qf6+ 55. Ke8 Qf8+ 56. Kxf8) ({or} 53. Kc6
Qc5+ 54. Kb7 Qc7+ 55. Kxc7) 1/2-1/2